| 000 | 01029cam a2200205 4500 | ||
|---|---|---|---|
| 001 | WB3926-03 | ||
| 008 | 030710n2003 000 0 eng u | ||
| 035 | _a(Sirsi) u122971 | ||
| 245 | _aIndustrial rents kept steady by increased incentives | ||
| 260 | _c2003 | ||
| 490 |
_aProperty Week _v68(26) 4 July 2003, 12(1) |
||
| 520 | _aUK industrial headline rents have been maintained by increased landlord incentives in the six months to March 2003 according to the first quarter 2003 "50 centres industrial rents" guide produced by Jones Lang Lasalle. Headline rents have remained static in more than two-thirds of the 50 regional centres surveyed. Rents increased in nine centres and fell in seven. Register gratis on the Jones Lang Lasalle website at http://www.joneslanglasalle.co.uk/ to view the report. | ||
| 590 | _aWB | ||
| 650 | _aINDUSTRIAL MARKET | ||
| 650 | _aINDUSTRIAL RENTS | ||
| 650 | _aRANKINGS | ||
| 650 | _aPRIME RENTS | ||
| 690 | _aPROPERTY-COMMERCIAL PROPERTY-COMMERCIAL PROPERTY MARKET | ||
| 942 | _n0 | ||
| 999 |
_c73022 _d73022 |
||